000 00487nam a22001697a 4500
005 20260303124100.0
008 260303b |||||||| |||| 00| 0 eng d
020 _a978-9914-51-182-6
050 _aS 535 .B75 2025
100 _aAUMA, BRIAN
245 _aBOOKLYST MASTER AGRICULTURE GRADE 10
260 _aNAIROBI,
_bBOOKLYST PRESS LIMITED.
_c2025.
300 _a236P, ILL
650 _aAGRICULTURE- STUDY AND TEACHING SECONDARY
700 _aOTIENO, BYRON HENRY
942 _2lcc
_cBK
999 _c216765
_d216765